000 00244nmm a2200085Ia 4500
008 220120s9999||||xx |||||||||||||||||und||
100 _aDIGIT-MAR-2007
245 0 _aAnt movie catalog 3.5.0.2battle ships, PC inspection file re
260 _bNew Delhi
999 _c138918
_d138918